00901 2200313 4500001002100000005001500021035002000036007000300056040001700059100003000076245009100106250002000197300002700217020001800244041000800262082001100270084001700281090002300298264004600321336002100367337003000388338002300418650001700441850001000458008004100468500003000509504002900539990001900568INLIS00000000000503720260515104422 a0010-0222000127ta aSBPUPADbind0 aZaenuddin, HM.ePengarang1 aProspek Gerakan Oposisi :bdalam Era Pemerintahan Gus Dur - Megawati /cZaenuddin, HM. a.-Ed. 1, Cet. 1 axii, 124 hal. ;c21 cm a979-421-824-3 aind a327.12 a327.12 ZAE p a324,026 ind u 8-6 a.--Jakarta :bRajaGrafindo Persada,c2001 2rdacontentaTeks 2rdamediaaTanpa Perantara 2rdacarrieraVolume 4apemerintahan aPUPAD260515 0  aSang Penulis, hlm 123-124 abibliografi, hlm 121-122 a047/Br/KAPD/11